Martyrdom and persecution in the early church : a study of conflict from the Maccabees to Donatus /
محفوظ في:
المؤلف الرئيسي:
التنسيق: كتاب
اللغة: English
منشور في:
Garden City, N.Y. :
Anchor Books,
1967, [c1965].
الموضوعات:
الوسوم: إضافة وسم
لا توجد وسوم, كن أول من يضع وسما على هذه التسجيلة!
رقم الطلب: BR1604.2 .F7 1967
| LEADER | 00715nam a22002171 4500 | ||
|---|---|---|---|
| 001 | 5373 | ||
| 003 | OSt | ||
| 005 | 20251015065744.0 | ||
| 008 | 130303c19671965nyu b 00010 eng u | ||
| 010 | |a 66024325 | ||
| 040 | |c ARCE Library | ||
| 050 | 4 | |a BR1604.2 .F7 1967 | |
| 100 | 1 | |a Frend, W. H. C, |e author |9 30292 | |
| 245 | 1 | 0 | |a Martyrdom and persecution in the early church : |b a study of conflict from the Maccabees to Donatus / |c by W. H. C. Frend. |
| 264 | 1 | |a Garden City, N.Y. : |b Anchor Books, |c 1967, [c1965]. | |
| 300 | |a xviii, 577 pages ; |c 18 cm. | ||
| 504 | |a Bibliography : pages [527]-557. | ||
| 650 | 0 | |a Persecution |x History |y Early church, ca. 30-600. | |
| 901 | |a reviewed | ||
| 942 | |c BK |2 lcc | ||
| 999 | |c 9286 |d 9286 | ||
